000 01190nam a22002777a 4500
005 20220214113536.0
008 220214b ||||| |||| 00| 0 eng d
020 _a9780571219780
040 _cAL
041 _aeng
082 _223
_a958
_bDOCK
100 _aPaddy Docherty
_919677
245 _aKhyber Pass:
_bHistroy of Empire and Invasion
260 _aLondon
_bFaber and Faber
_c2007
300 _axxiv,261 p.
_bHB
_c24x16 cm.
365 _b12.75
_c£
_d12.75
520 _aThe story of the "Khyber Pass" tells of the rise and fall of empires, beginning with the great Persian kings Cyrus and Darius, then legendary conquerors Alexander the Great and much later, the White Huns and Genghis Khan. Docherty's own travels in this true frontier, still largely lawless today, and the continuing presence of US and British troops in Afghanistan bring this story into the twenty-first century.
650 _aAsia Khyber Pass
_919669
650 _aThe First Persians
_919670
650 _aAlexander the Great
_919671
650 _aGreeks and Nomads
_919672
650 _aThe British Raj
_919673
650 _aPakistan
_919674
700 _aDOCHERTY (Paddy)
_919675
942 _2ddc
_cGF
999 _c221500
_d221500